000 00488nam a2200181Ia 4500
005 20250326123714.0
008 250326s9999 xx 000 0 und d
037 _aTextbook
040 _aFMSL
_beng
_cFMSL
041 _aeng
_2eng
084 _aX62 M1
_qFMSL
100 _aCohen B J
_9735856
245 0 _aBanks and the balance of payments
_cCohen B J
260 _aLondon
_bLondon, Croom Helm
_c1981
300 _a241p
942 _cTB
_hX62 M1
999 _c1270579
_d1270579